000
00267nam a22001097a 4500
008
240710b |||||||| |||| 00| 0 eng d
100
_a
Merchandani, Tara
_9
16775
245
_a
Kummyat Kali
260
_a
Bombay:
_b
Lok Sewa Mandal;
_c
1964.
300
_a
96p.
942
_c
BK
999
_c
39910
_d
39910